Africa (Record no. 165214)

MARC details
000 -LEADER
campo de control de longitud fija 00810nam a2200217 i 4500
001 - NÚMERO DE CONTROL
campo de control 165214
003 - IDENTIFICADOR DE NÚMERO DE CONTROL
campo de control ES-MaACL
005 - FECHA Y HORA DE LA ÚLTIMA TRANSACCIÓN
campo de control 20230906213104.0
008 - DATOS DE LONGITUD FIJA--INFORMACIÓN GENERAL
campo de control de longitud fija 050818s1897 it a | |||||||| ||ita d
040 ## - FUENTE DE CATALOGACIÓN
Centro catalogador/agencia de origen CAM
Lengua de catalogación spa
Centro/agencia transcriptor CAM
100 1# - ENTRADA PRINCIPAL--NOMBRE DE PERSONA
Nombre de persona Sergi, Giuseppe (
Fechas asociadas al nombre 1841-1936)
9 (RLIN) 105546
245 10 - MENCIÓN DEL TÍTULO
Título Africa
Resto del título : antropologia della stirpe camitica (specie euroafricana) /
Mención de responsabilidad, etc. Giuseppe Sergi.
260 ## - PUBLICACIÓN, DISTRIBUCIÓN, ETC.
Lugar de publicación, distribución, etc. Torino :
Nombre del editor, distribuidor, etc. Fratelli Bocca editori,
Fecha de publicación, distribución, etc. 1897.
300 ## - DESCRIPCIÓN FÍSICA
Extensión XV, 426 p., [1] h. pleg. de mapa :
Otras características físicas il. ;
Dimensiones 23 cm.
490 1# - MENCIÓN DE SERIE
Mención de serie Biblioteca di scienze moderne ;
Designación de volumen o secuencia 1
598 ## - NOTA LOCAL
Nota local La serie consta en la cub. original.
650 ## - PUNTO DE ACCESO ADICIONAL DE MATERIA--TÉRMINO DE MATERIA
Término de materia o nombre geográfico como elemento de entrada Raza.
9 (RLIN) 16677
830 0# - PUNTO DE ACCESO ADICIONAL DE SERIE-TÍTULO UNIFORME
Título uniforme Biblioteca di scienze moderne ;
Designación de volumen o secuencia 1
9 (RLIN) 183815
852 ## - LOCALIZACIÓN
Ubicación ES-MaACL
Número de control de estantería F-12694
Nota libre -- Enc. pasta española conservando la cub. original
Holdings
Estatus retirado Estado de pérdida Estado de daño No para préstamo Colección Biblioteca de origen Biblioteca actual Ubicación en estantería Fecha de adquisición Fuente de adquisición Total de préstamos Signatura topográfica completa Código de barras Visto por última vez Precio de reemplazo Tipo de ítem Koha
        Libros del s. XIX Biblioteca del Ateneo de Madrid Biblioteca del Ateneo de Madrid Sala Pecera Planta 2 17/01/2008     F-12694 1173243 23/02/2023 23/02/2023 Libro impreso antiguo